000 01388cam a2200133 4500500
005 20260329044316.0
041 _afre
042 _adc
100 1 0 _aGardes Tamine, Joëlle
_eauthor
245 0 0 _aPour une nouvelle théorie des figures
260 _bPresses Universitaires de France,
_c2011.
520 _aDans le cadre d’une théorie générale, qui articule les trois disciplines fondamentales en analyse du langage que sont la grammaire, la rhétorique et la stylistique, et à la lumière de l’examen critique de l’histoire de la notion, il est montré comment les figures, contrairement à ce qu’en dit la tradition, qui voit en elles un écart dans la langue, reposent sur des mécanismes ordinaires. Qu’ils soient généraux (actualisation, extension de propriétés…) ou plus spécifiques (parcours d’échelles orientées recours à la métalangue…), ces mécanismes, employés dans dessituations particulières, qu’il s’agisse de discours publics ou d’échanges privés, permettent de construire des énoncés qui accentueront ou réduiront la distance entre interlocuteurs, au fondement même de la rhétorique, et contribuent à rendre plus ou moins explicite le questionnement qui sous-tend n’importe quel propos.
856 4 1 _uhttps://shs.cairn.info/pour-une-nouvelle-theorie-des-figures--9782130579090?lang=fr&redirect-ssocas=7080
999 _c1991689
_d1991689